CEPAL 40 años : 1948-1988 /

Da a conocer una visión de lo que han sido los primeros 40 años de vida de la comisión mirados desde fuera por un observador interesado pero no envuelto en sus actividades, vicisitudes y logros.

Detalles Bibliográficos
Autor principal: Cayuela, José
Formato: Libro
Lenguaje:español
Publicado: Santiago, Chile Comisión Económica para América Latina y el Caribe (CEPAL) 1988
Colección:Libros de la CEPAL 15
Materias:

MARC

LEADER 00000cam a2200000 a 4500
001 000140
003 UAHC_CL
005 20170815211117.0
008 170707s1988 cl 000 spa
020 |z 9213213153 
040 |a UAHC_CL  |c UAHC_CL  |d UAHC_CL 
082 0 4 |a 338.98  |b C385  |2 20 
100 1 |a Cayuela, José 
245 1 0 |a CEPAL 40 años :  |b 1948-1988 /  |c José Cayuela. 
260 |b Comisión Económica para América Latina y el Caribe (CEPAL)  |a Santiago, Chile  |c 1988 
300 |a 85 p. 
490 0 |a Libros de la CEPAL  |v 15 
520 |a Da a conocer una visión de lo que han sido los primeros 40 años de vida de la comisión mirados desde fuera por un observador interesado pero no envuelto en sus actividades, vicisitudes y logros. 
650 4 |a ORGANISMOS INTERNACIONALES 
650 4 |a CEPAL  |x HISTORIA 
900 |a 338.98 CAY 
942 |c BK 
952 |0 0  |1 0  |4 0  |6 338_980000000000000_CAY  |7 0  |8 General  |9 88446  |a BC  |b BC  |c General  |d 2017-08-15  |l 0  |o 338.98 CAY  |p 1440957  |r 2026-01-13 00:00:00  |t 1  |w 2017-08-15  |y BK 
999 |c 49509  |d 49509